[Event "DVM U14 2023"]
[Site "Magdeburg GER"]
[Date "2023.12.29"]
[Round "6"]
[White "Polzin, Gustav"]
[Black "Sauer, Tim"]
[Result "1/2-1/2"]
[Termination "normal"]
[Board "4.1"]
[WhiteElo "1895"]
[BlackElo "2155"]
[WhiteClock "00:47:21"]
[BlackClock "00:22:43"]
[WhiteTeam "USV Halle"]
[BlackTeam "Schachzentrum Bemerode"]
[PlyCount "91"]
[WhiteFideId "34603280"]
[BlackFideId "16265726"]
[EventCountry "GER"]
[EventRounds "7"]
[EventType "team-swiss"]
[EventDate "2023.12.26"]

1. e4 {[%clk 01:30:56]} {[%emt 00:00:04]} c5 {[%clk 01:30:52]} {[%emt
00:00:08]} 2. Nc3 {[%clk 01:30:50]} {[%emt 00:00:37]} Nc6 {[%clk 01:31:14]}
{[%emt 00:00:08]} 3. Nge2 {[%clk 01:31:14]} {[%emt 00:00:06]} g6 {[%clk
01:31:38]} {[%emt 00:00:05]} 4. d4 {[%clk 01:31:24]} {[%emt 00:00:21]} cxd4
{[%clk 01:32:02]} {[%emt 00:00:06]} 5. Nxd4 {[%clk 01:31:40]} {[%emt 00:00:14]}
Bg7 {[%clk 01:32:24]} {[%emt 00:00:07]} 6. Be3 {[%clk 01:31:35]} {[%emt
00:00:36]} Nf6 {[%clk 01:32:47]} {[%emt 00:00:07]} 7. Bc4 {[%clk 01:31:36]}
{[%emt 00:00:29]} Qa5 {[%clk 01:33:09]} {[%emt 00:00:08]} 8. O-O {[%clk
01:32:00]} {[%emt 00:00:06]} O-O {[%clk 01:33:35]} {[%emt 00:00:03]} 9. Nb3
{[%clk 01:31:16]} {[%emt 00:01:14]} Qd8 {[%clk 01:31:54]} {[%emt 00:02:11]} 10.
Kh1 {[%clk 01:30:23]} {[%emt 00:01:23]} d6 {[%clk 01:31:37]} {[%emt 00:00:46]}
11. f4 {[%clk 01:30:10]} {[%emt 00:00:44]} Na5 {[%clk 01:29:11]} {[%emt
00:02:55]} 12. Bd3 {[%clk 01:29:49]} {[%emt 00:00:52]} a6 {[%clk 01:22:36]}
{[%emt 00:07:05]} 13. Na4 {[%clk 01:29:23]} {[%emt 00:00:56]} Nd7 {[%clk
01:21:18]} {[%emt 00:01:48]} 14. Qd2 {[%clk 01:23:32]} {[%emt 00:06:21]} Nxb3
{[%clk 01:19:52]} {[%emt 00:01:56]} 15. axb3 {[%clk 01:23:47]} {[%emt
00:00:15]} b5 {[%clk 01:20:11]} {[%emt 00:00:10]} 16. Nc3 {[%clk 01:23:39]}
{[%emt 00:00:39]} Bb7 {[%clk 01:20:12]} {[%emt 00:00:25]} 17. Rae1 {[%clk
01:21:18]} {[%emt 00:02:54]} Rc8 {[%clk 01:14:32]} {[%emt 00:06:10]} 18. Qf2
{[%clk 01:12:16]} {[%emt 00:09:33]} Nc5 {[%clk 01:11:03]} {[%emt 00:03:59]} 19.
Bd4 {[%emt 00:23:26]} Nxd3 {[%clk 00:47:43]} {[%emt 00:01:00]} 20. cxd3 {[%clk
01:12:38]} {[%emt 00:00:03]} Bxd4 {[%clk 00:45:45]} {[%emt 00:02:27]} 21. Qxd4
{[%clk 01:13:05]} {[%emt 00:00:03]} Qc7 {[%clk 00:28:11]} {[%emt 00:18:04]} 22.
b4 {[%clk 01:12:05]} {[%emt 00:01:31]} e5 {[%clk 00:17:55]} {[%emt 00:10:46]}
23. Qf2 {[%clk 01:11:16]} {[%emt 00:01:19]} f5 {[%clk 00:09:33]} {[%emt
00:08:52]} 24. g3 {[%clk 00:55:10]} {[%emt 00:43:02]} Qf7 {[%clk 00:00:45]} 25.
Kg1 {[%clk 00:51:50]} fxe4 26. dxe4 {[%clk 00:50:43]} Qc4 {[%clk 00:01:11]} 27.
Qb6 {[%clk 00:48:06]} Qd4+ 28. Qxd4 {[%clk 00:48:24]} exd4 {[%clk 00:01:02]}
29. Ne2 {[%clk 00:46:20]} Rc4 {[%clk 00:00:39]} 30. Rd1 {[%clk 00:40:55]}
{[%emt 00:02:42]} Rxb4 {[%clk 00:01:05]} {[%emt 00:00:05]} 31. Nxd4 {[%clk
00:40:24]} {[%emt 00:01:01]} Rxb2 {[%clk 00:00:52]} {[%emt 00:00:42]} 32. Ne6
{[%clk 00:39:44]} {[%emt 00:01:10]} Re8 {[%clk 00:01:14]} {[%emt 00:00:09]} 33.
Rxd6 {[%clk 00:38:41]} {[%emt 00:01:33]} Bxe4 {[%clk 00:01:24]} {[%emt
00:00:20]} 34. Rc1 {[%clk 00:36:50]} {[%emt 00:02:22]} Rg2+ {[%clk 00:00:34]}
{[%emt 00:01:21]} 35. Kf1 {[%clk 00:37:06]} {[%emt 00:00:13]} Rxh2 {[%clk
00:00:59]} {[%emt 00:00:05]} 36. Rc7 {[%clk 00:35:55]} {[%emt 00:01:41]} Bf5
{[%clk 00:01:23]} {[%emt 00:00:06]} 37. Ng5 {[%clk 00:28:12]} {[%emt 00:08:13]}
h6 {[%emt 00:04:01]} 38. Nf3 {[%clk 00:25:21]} {[%emt 00:00:26]} Rc2 {[%clk
00:00:32]} {[%emt 00:00:43]} 39. Rxc2 {[%clk 00:24:24]} {[%emt 00:01:27]} Bxc2
{[%clk 00:00:58]} {[%emt 00:00:04]} 40. Rxa6 {[%clk 00:23:43]} {[%emt
00:01:11]} b4 {[%clk 00:00:57]} {[%emt 00:00:32]} 41. Rb6 {[%clk 00:20:17]}
{[%emt 00:03:55]} b3 {[%clk 00:00:59]} {[%emt 00:00:28]} 42. Nd4 {[%clk
00:17:07]} {[%emt 00:03:41]} Re3 {[%clk 00:23:48]} {[%emt 00:07:41]} 43. Nxc2
{[%clk 00:46:54]} {[%emt 00:00:43]} bxc2 {[%clk 00:22:21]} {[%emt 00:01:57]}
44. Rxg6+ {[%clk 00:47:21]} {[%emt 00:00:02]} Kf7 {[%clk 00:22:43]} 45. Rc6
{[%clk 00:47:21]} Rxg3 {[%clk 00:22:43]} 46. Rxc2 {[%clk 00:47:21]} 1/2-1/2

[Event "DVM U14 2023"]
[Site "Magdeburg GER"]
[Date "2023.12.29"]
[Round "6"]
[White "Gärtner, Alessandro"]
[Black "Haase, Alexander"]
[Result "1/2-1/2"]
[Termination "normal"]
[Board "4.2"]
[WhiteElo "1660"]
[BlackElo "1476"]
[WhiteClock "00:07:25"]
[BlackClock "00:17:58"]
[WhiteTeam "Schachzentrum Bemerode"]
[BlackTeam "USV Halle"]
[PlyCount "60"]
[WhiteFideId "16268024"]
[BlackFideId "34606602"]
[EventCountry "GER"]
[EventRounds "7"]
[EventType "team-swiss"]
[EventDate "2023.12.26"]

1. c4 {[%clk 01:30:47]} {[%emt 00:00:12]} Nf6 {[%clk 01:30:38]} {[%emt
00:00:22]} 2. Nc3 {[%clk 01:31:06]} {[%emt 00:00:12]} g6 {[%clk 01:30:27]}
{[%emt 00:00:40]} 3. g3 {[%clk 01:31:30]} {[%emt 00:00:06]} Bg7 {[%clk
01:30:44]} {[%emt 00:00:14]} 4. Bg2 {[%clk 01:31:46]} {[%emt 00:00:14]} d6
{[%clk 01:29:50]} {[%emt 00:01:23]} 5. Nf3 {[%clk 01:31:29]} {[%emt 00:00:47]}
O-O {[%clk 01:27:03]} {[%emt 00:03:17]} 6. O-O {[%clk 01:31:21]} {[%emt
00:00:38]} c5 {[%clk 01:27:08]} {[%emt 00:00:25]} 7. d4 {[%clk 01:31:38]}
{[%emt 00:00:13]} Nc6 {[%clk 01:23:03]} {[%emt 00:04:36]} 8. dxc5 {[%clk
01:31:01]} {[%emt 00:01:07]} dxc5 {[%clk 01:20:21]} {[%emt 00:03:11]} 9. Bf4
{[%clk 01:30:51]} {[%emt 00:00:39]} Qxd1 {[%clk 01:17:21]} {[%emt 00:03:30]}
10. Raxd1 {[%clk 01:29:58]} {[%emt 00:01:24]} Be6 {[%clk 01:16:11]} {[%emt
00:01:40]} 11. Ne5 {[%clk 01:22:56]} {[%emt 00:07:31]} Nxe5 {[%clk 01:15:20]}
{[%emt 00:01:21]} 12. Bxe5 {[%clk 01:23:20]} {[%emt 00:00:06]} Bxc4 {[%clk
01:15:32]} {[%emt 00:00:19]} 13. Bxb7 {[%clk 01:21:12]} {[%emt 00:02:38]} Rad8
{[%clk 01:13:13]} {[%emt 00:02:48]} 14. b3 {[%clk 01:13:40]} {[%emt 00:08:03]}
Be6 {[%clk 01:12:24]} {[%emt 00:01:18]} 15. Na4 {[%clk 01:12:34]} {[%emt
00:01:36]} c4 {[%clk 01:09:30]} {[%emt 00:03:24]} 16. Nc5 {[%clk 01:10:13]}
{[%emt 00:02:52]} Bh3 {[%clk 01:01:36]} {[%emt 00:08:23]} 17. Rfe1 {[%clk
01:06:41]} {[%emt 00:04:01]} cxb3 {[%clk 01:01:17]} {[%emt 00:00:49]} 18. axb3
{[%clk 01:06:16]} {[%emt 00:00:55]} Nd7 {[%clk 00:54:26]} {[%emt 00:07:21]} 19.
Nxd7 {[%clk 00:57:46]} {[%emt 00:09:00]} Rxd7 {[%clk 00:52:29]} {[%emt
00:02:28]} 20. Rxd7 {[%clk 00:54:47]} {[%emt 00:03:28]} Bxd7 {[%clk 00:52:49]}
{[%emt 00:00:10]} 21. Bxg7 {[%clk 00:53:32]} {[%emt 00:01:45]} Kxg7 {[%clk
00:52:58]} {[%emt 00:00:22]} 22. Ra1 {[%clk 00:52:47]} {[%emt 00:01:14]} Be6
{[%clk 00:47:13]} {[%emt 00:06:15]} 23. b4 {[%clk 00:49:59]} {[%emt 00:03:19]}
Rd8 {[%clk 00:45:30]} {[%emt 00:02:12]} 24. e3 {[%clk 00:30:07]} {[%emt
00:20:22]} Rd2 {[%clk 00:41:10]} {[%emt 00:37:22]} 25. b5 {[%clk 00:20:22]} Ra2
{[%clk 00:33:53]} 26. Rc1 {[%clk 00:18:50]} Bf5 {[%clk 00:27:02]} 27. Kg2
{[%clk 00:13:09]} {[%emt 00:01:04]} Bd3 {[%clk 00:23:03]} {[%emt 00:04:29]} 28.
Bc6 {[%clk 00:09:10]} {[%emt 00:04:30]} Rb2 {[%clk 00:19:42]} {[%emt 00:03:51]}
29. Rc5 {[%clk 00:08:35]} {[%emt 00:01:05]} Rc2 {[%clk 00:17:37]} {[%emt
00:02:36]} 30. Rxc2 {[%clk 00:07:25]} {[%emt 00:01:40]} Bxc2 {[%clk 00:17:58]}
{[%emt 00:00:09]} 1/2-1/2

[Event "DVM U14 2023"]
[Site "Magdeburg GER"]
[Date "2023.12.29"]
[Round "6"]
[White "Neuber, Felix"]
[Black "Lavrov, Nikolay"]
[Result "0-1"]
[Termination "normal"]
[Board "4.3"]
[WhiteElo "1417"]
[BlackElo "1607"]
[WhiteClock "00:29:31"]
[BlackClock "00:03:53"]
[WhiteTeam "USV Halle"]
[BlackTeam "Schachzentrum Bemerode"]
[PlyCount "74"]
[WhiteFideId "34617981"]
[BlackFideId "34617701"]
[EventCountry "GER"]
[EventRounds "7"]
[EventType "team-swiss"]
[EventDate "2023.12.26"]

1. e4 {[%clk 01:30:50]} {[%emt 00:00:10]} e5 {[%clk 01:30:56]} {[%emt
00:00:04]} 2. Nf3 {[%clk 01:31:14]} {[%emt 00:00:07]} Nc6 {[%clk 01:31:21]}
{[%emt 00:00:05]} 3. Bc4 {[%clk 01:31:40]} {[%emt 00:00:04]} Bc5 {[%clk
01:31:46]} {[%emt 00:00:05]} 4. c3 {[%clk 01:32:06]} {[%emt 00:00:04]} Nf6
{[%clk 01:32:11]} {[%emt 00:00:05]} 5. d4 {[%clk 01:32:31]} {[%emt 00:00:05]}
exd4 {[%clk 01:32:36]} {[%emt 00:00:06]} 6. O-O {[%clk 01:32:55]} {[%emt
00:00:06]} dxc3 {[%clk 01:25:33]} {[%emt 00:07:33]} 7. e5 {[%clk 01:33:12]}
{[%emt 00:00:13]} d5 {[%clk 01:24:19]} {[%emt 00:01:43]} 8. exf6 {[%clk
01:32:12]} {[%emt 00:01:30]} dxc4 {[%clk 01:24:29]} {[%emt 00:00:20]} 9. fxg7
{[%clk 01:31:28]} {[%emt 00:01:14]} Rg8 {[%clk 01:24:31]} {[%emt 00:00:28]} 10.
Nxc3 {[%clk 01:29:00]} {[%emt 00:02:58]} Rxg7 {[%clk 01:20:53]} {[%emt
00:04:07]} 11. Qxd8+ {[%emt 00:01:24]} Nxd8 {[%clk 01:15:30]} {[%emt 00:05:52]}
12. Nd5 {[%clk 01:21:05]} {[%emt 00:07:33]} Ne6 {[%clk 01:07:37]} {[%emt
00:08:22]} 13. Re1 {[%clk 01:18:30]} {[%emt 00:03:06]} Kd8 {[%clk 00:56:53]}
{[%emt 00:11:13]} 14. Bh6 {[%clk 01:14:46]} {[%emt 00:04:16]} Rg8 {[%clk
00:46:28]} {[%emt 00:10:53]} 15. Rad1 {[%clk 01:09:02]} {[%emt 00:06:15]} Bd6
{[%clk 00:43:18]} {[%emt 00:03:40]} 16. Ne5 {[%clk 01:08:47]} {[%emt 00:00:46]}
Bxe5 {[%clk 00:28:47]} {[%emt 00:15:01]} 17. Nf6+ {[%clk 01:08:30]} {[%emt
00:00:47]} Bd6 {[%clk 00:28:39]} {[%emt 00:00:38]} 18. Nxg8 {[%clk 01:08:33]}
{[%emt 00:00:27]} Bd7 {[%clk 00:27:52]} {[%emt 00:01:17]} 19. Nf6 {[%clk
01:07:31]} {[%emt 00:01:32]} Kc8 {[%clk 00:26:58]} {[%emt 00:01:23]} 20. Nxd7
{[%clk 01:07:28]} {[%emt 00:00:34]} Kxd7 {[%clk 00:27:20]} {[%emt 00:00:08]}
21. Re4 {[%emt 00:02:42]} b5 {[%clk 00:26:19]} {[%emt 00:01:28]} 22. Bf4 {[%clk
01:04:55]} {[%emt 00:00:54]} Nc5 {[%clk 00:23:27]} {[%emt 00:03:22]} 23. Re3
{[%clk 00:57:17]} {[%emt 00:08:08]} Nd3 {[%clk 00:20:41]} {[%emt 00:03:16]} 24.
Bxd6 {[%clk 00:53:37]} {[%emt 00:04:11]} cxd6 {[%clk 00:20:43]} {[%emt
00:00:28]} 25. b3 {[%clk 00:52:55]} {[%emt 00:01:12]} d5 {[%clk 00:16:29]}
{[%emt 00:34:20]} 26. Kf1 {[%clk 00:48:54]} Rg8 {[%clk 00:13:15]} 27. Rd2
{[%clk 00:47:01]} Kd6 {[%clk 00:11:46]} 28. g3 {[%clk 00:44:12]} a5 {[%clk
00:10:10]} 29. Rf3 {[%clk 00:42:26]} Rf8 {[%clk 00:07:22]} 30. Rf6+ {[%clk
00:37:54]} Kc5 {[%clk 00:06:42]} {[%emt 00:00:10]} 31. Ra6 {[%clk 00:34:55]}
{[%emt 00:03:30]} Kb4 {[%clk 00:05:48]} {[%emt 00:01:24]} 32. Rh6 {[%clk
00:31:35]} {[%emt 00:03:50]} Rh8 {[%clk 00:03:41]} {[%emt 00:02:37]} 33. Rf6
{[%clk 00:30:14]} {[%emt 00:01:51]} Rf8 {[%clk 00:03:52]} {[%emt 00:00:19]} 34.
Rf5 {[%clk 00:29:23]} {[%emt 00:01:22]} Kc5 {[%clk 00:03:57]} {[%emt 00:00:24]}
35. Ke2 {[%clk 00:29:07]} {[%emt 00:00:47]} Re8+ {[%clk 00:03:40]} {[%emt
00:00:46]} 36. Kd1 {[%clk 00:29:10]} {[%emt 00:00:27]} Re1+ {[%clk 00:03:53]}
{[%emt 00:00:17]} 37. Kc2 {[%clk 00:29:31]} {[%emt 00:00:09]} Rc1# {[%emt
00:00:24]} 0-1

[Event "DVM U14 2023"]
[Site "Magdeburg GER"]
[Date "2023.12.29"]
[Round "6"]
[White "Meng, Yuxuan"]
[Black "Weber, Nikita"]
[Result "1/2-1/2"]
[Termination "normal"]
[Board "5.1"]
[WhiteElo "1749"]
[BlackElo "1893"]
[WhiteClock "01:06:53"]
[BlackClock "01:14:32"]
[WhiteTeam "SC Viernheim 1934"]
[BlackTeam "Vorwärts Orient Mainz"]
[PlyCount "29"]
[WhiteFideId "16258231"]
[BlackFideId "34608770"]
[EventCountry "GER"]
[EventRounds "7"]
[EventType "team-swiss"]
[EventDate "2023.12.26"]

1. e4 Nc6 2. Nf3 d6 3. d4 Nf6 4. Nc3 Bg4 5. Be2 Bxf3 6. Bxf3 g6 7. Be3 Bg7 8.
Qd2 e5 9. d5 Nd7 10. O-O-O h5 11. h3 Qe7 12. Be2 a6 13. Kb1 b5 14. Bd3 {[%clk
01:09:27]} b4 {[%clk 01:14:32]} 15. Ne2 {[%clk 01:06:53]} 1/2-1/2

[Event "DVM U14 2023"]
[Site "Magdeburg GER"]
[Date "2023.12.29"]
[Round "6"]
[White "Mohammadzadeh, Daris"]
[Black "Kalinski, Jan"]
[Result "1-0"]
[Termination "normal"]
[Board "5.2"]
[WhiteElo "1800"]
[BlackElo "1507"]
[WhiteClock "00:23:14"]
[BlackClock "00:59:15"]
[WhiteTeam "Vorwärts Orient Mainz"]
[BlackTeam "SC Viernheim 1934"]
[PlyCount "39"]
[WhiteFideId "34604359"]
[BlackFideId "34660615"]
[EventCountry "GER"]
[EventRounds "7"]
[EventType "team-swiss"]
[EventDate "2023.12.26"]

1. e4 {[%clk 01:30:57]} {[%emt 00:00:02]} c5 {[%clk 01:30:56]} {[%emt
00:00:04]} 2. Nc3 {[%clk 01:31:23]} {[%emt 00:00:04]} d6 {[%clk 01:31:16]}
{[%emt 00:00:10]} 3. d4 {[%clk 01:31:48]} {[%emt 00:00:05]} cxd4 {[%clk
01:31:17]} {[%emt 00:00:29]} 4. Qxd4 {[%clk 01:32:18]} Nc6 {[%clk 01:31:03]}
{[%emt 00:00:44]} 5. Qd2 {[%clk 01:32:45]} {[%emt 00:00:03]} Nf6 {[%clk
01:31:18]} {[%emt 00:00:15]} 6. b3 {[%clk 01:33:01]} {[%emt 00:00:14]} g6
{[%clk 01:30:40]} {[%emt 00:01:08]} 7. Bb2 {[%clk 01:33:21]} {[%emt 00:00:10]}
Bg7 {[%clk 01:31:04]} {[%emt 00:00:05]} 8. O-O-O {[%clk 01:33:45]} {[%emt
00:00:06]} Rb8 {[%clk 01:29:34]} {[%emt 00:02:01]} 9. f3 {[%clk 01:31:55]}
{[%emt 00:02:20]} a6 {[%clk 01:28:15]} {[%emt 00:01:49]} 10. Nge2 {[%clk
01:15:40]} {[%emt 00:16:45]} O-O {[%clk 01:22:25]} {[%emt 00:06:19]} 11. g4
{[%clk 00:58:56]} {[%emt 00:17:14]} b5 {[%clk 01:20:19]} {[%emt 00:02:36]} 12.
g5 {[%clk 00:52:58]} {[%emt 00:06:28]} Nh5 {[%clk 01:19:43]} {[%emt 00:01:05]}
13. Ng3 {[%clk 00:52:31]} {[%emt 00:00:57]} Nxg3 {[%clk 01:04:15]} {[%emt
00:15:58]} 14. hxg3 {[%clk 00:52:46]} {[%emt 00:00:15]} f6 {[%clk 01:04:00]}
{[%emt 00:00:45]} 15. Qh2 {[%clk 00:40:19]} {[%emt 00:12:57]} Kf7 {[%clk
01:03:36]} {[%emt 00:00:54]} 16. gxf6 {[%clk 00:31:48]} {[%emt 00:09:02]} Bxf6
{[%clk 01:01:43]} {[%emt 00:02:23]} 17. Qxh7+ {[%clk 00:31:06]} {[%emt
00:01:12]} Bg7 {[%clk 01:02:00]} {[%emt 00:00:13]} 18. Nxb5 {[%clk 00:26:20]}
{[%emt 00:05:17]} Rg8 {[%clk 01:00:09]} {[%emt 00:02:20]} 19. Bc4+ {[%clk
00:23:14]} {[%emt 00:03:37]} Kf8 {[%clk 00:59:15]} {[%emt 00:01:25]} 20. Qxg8#
{[%emt 00:00:13]} 1-0

[Event "DVM U14 2023"]
[Site "Magdeburg GER"]
[Date "2023.12.29"]
[Round "6"]
[White "Zhu, Timo Kaiheng"]
[Black "Weidemann, Max"]
[Result "0-1"]
[Termination "normal"]
[Board "5.3"]
[WhiteElo "1463"]
[BlackElo "1222"]
[WhiteClock "01:08:41"]
[BlackClock "00:20:17"]
[WhiteTeam "SC Viernheim 1934"]
[BlackTeam "Vorwärts Orient Mainz"]
[PlyCount "118"]
[WhiteFideId "34655670"]
[BlackFideId "34617000"]
[EventCountry "GER"]
[EventRounds "7"]
[EventType "team-swiss"]
[EventDate "2023.12.26"]

1. e4 {[%clk 01:30:56]} {[%emt 00:00:04]} e5 {[%clk 01:30:54]} {[%emt
00:00:06]} 2. Nf3 {[%clk 01:31:11]} {[%emt 00:00:15]} Nc6 {[%clk 01:30:44]}
{[%emt 00:00:40]} 3. Bc4 {[%clk 01:31:29]} {[%emt 00:00:12]} Nf6 {[%clk
01:31:03]} {[%emt 00:00:11]} 4. d3 {[%clk 01:31:14]} {[%emt 00:00:45]} Bc5
{[%clk 01:31:25]} {[%emt 00:00:07]} 5. a3 {[%clk 01:31:12]} {[%emt 00:00:32]}
d6 {[%clk 01:31:38]} {[%emt 00:00:17]} 6. O-O {[%clk 01:31:07]} {[%emt
00:00:35]} O-O {[%clk 01:31:14]} {[%emt 00:00:54]} 7. Nc3 {[%emt 00:00:48]} a6
{[%clk 01:31:11]} {[%emt 00:00:30]} 8. Be3 {[%clk 01:30:51]} {[%emt 00:00:32]}
Ba7 {[%clk 01:31:10]} {[%emt 00:00:31]} 9. h3 {[%clk 01:30:48]} {[%emt
00:00:33]} h6 {[%clk 01:30:38]} {[%emt 00:01:02]} 10. Bxa7 {[%clk 01:26:56]}
{[%emt 00:04:22]} Nxa7 {[%clk 01:29:21]} {[%emt 00:01:47]} 11. Qe2 {[%clk
01:23:07]} {[%emt 00:04:18]} Be6 {[%clk 01:26:39]} {[%emt 00:03:13]} 12. Nd2
{[%clk 01:22:11]} {[%emt 00:01:26]} c5 {[%clk 01:19:21]} {[%emt 00:07:48]} 13.
f4 {[%clk 01:16:21]} {[%emt 00:06:20]} Nc6 {[%clk 01:15:06]} {[%emt 00:04:44]}
14. f5 {[%clk 01:13:16]} {[%emt 00:03:36]} Nd4 {[%clk 01:13:37]} {[%emt
00:01:58]} 15. Qd1 {[%clk 01:12:47]} {[%emt 00:00:59]} Bxc4 {[%clk 01:09:17]}
{[%emt 00:04:51]} 16. dxc4 {[%clk 01:10:42]} {[%emt 00:02:35]} b5 {[%clk
01:06:19]} {[%emt 00:03:28]} 17. cxb5 {[%clk 01:09:29]} {[%emt 00:01:43]} axb5
{[%clk 01:06:21]} {[%emt 00:00:29]} 18. Ne2 {[%clk 01:07:10]} {[%emt 00:02:48]}
Re8 {[%clk 01:01:56]} {[%emt 00:04:55]} 19. c3 {[%clk 01:05:41]} {[%emt
00:02:00]} Nc6 {[%clk 00:59:35]} {[%emt 00:02:51]} 20. Ng3 {[%clk 01:02:49]}
{[%emt 00:03:22]} d5 {[%clk 00:56:58]} {[%emt 00:03:06]} 21. exd5 {[%clk
01:01:06]} {[%emt 00:02:13]} Nxd5 {[%clk 00:46:06]} {[%emt 00:11:22]} 22. Re1
{[%clk 00:57:18]} {[%emt 00:04:17]} Nf4 {[%clk 00:41:28]} {[%emt 00:05:08]} 23.
Qc2 {[%clk 00:52:17]} {[%emt 00:05:26]} Qd3 {[%clk 00:35:36]} {[%emt 00:06:28]}
24. Qxd3 {[%clk 00:47:18]} {[%emt 00:05:29]} Nxd3 {[%clk 00:35:58]} {[%emt
00:00:08]} 25. Reb1 {[%clk 00:46:40]} {[%emt 00:01:07]} Red8 {[%clk 00:30:13]}
{[%emt 00:06:15]} 26. Nde4 {[%clk 00:44:01]} {[%emt 00:03:09]} Na5 {[%clk
00:20:39]} {[%emt 00:33:58]} 27. b4 {[%clk 00:41:39]} cxb4 {[%clk 00:20:29]}
28. axb4 {[%clk 00:41:46]} Nc4 {[%clk 00:19:19]} 29. Rxa8 {[%clk 00:41:09]}
Rxa8 {[%clk 00:19:41]} 30. Rd1 {[%clk 00:41:19]} Nf4 {[%clk 00:13:39]} 31. Re1
{[%clk 00:36:31]} Rd8 {[%clk 00:12:17]} 32. Ne2 {[%clk 00:35:15]} Nxe2+ {[%clk
00:10:34]} {[%emt 00:00:58]} 33. Rxe2 {[%clk 00:35:32]} {[%emt 00:00:13]} Rd3
{[%clk 00:05:29]} {[%emt 00:05:33]} 34. Kf2 {[%clk 00:34:26]} {[%emt 00:01:38]}
f6 {[%clk 00:04:04]} {[%emt 00:01:55]} 35. h4 {[%clk 00:33:36]} {[%emt
00:01:21]} Kf8 {[%clk 00:01:17]} {[%emt 00:03:17]} 36. g4 {[%clk 00:33:37]}
{[%emt 00:00:29]} Ke7 {[%clk 00:01:21]} {[%emt 00:00:26]} 37. h5 {[%clk
00:33:52]} {[%emt 00:00:16]} Nd6 {[%clk 00:01:03]} {[%emt 00:00:47]} 38. Nxd6
{[%clk 00:33:37]} {[%emt 00:00:45]} Kxd6 {[%clk 00:01:18]} {[%emt 00:00:16]}
39. Re3 {[%clk 00:33:55]} {[%emt 00:00:12]} Rxe3 {[%clk 00:00:46]} {[%emt
00:01:02]} 40. Kxe3 {[%clk 00:34:19]} {[%emt 00:00:05]} Kd5 {[%clk 00:01:11]}
{[%emt 00:00:05]} 41. Kd3 {[%clk 00:34:10]} {[%emt 00:00:40]} e4+ {[%clk
00:17:12]} {[%emt 00:14:29]} 42. Ke3 {[%clk 01:04:32]} {[%emt 00:00:07]} Ke5
{[%clk 00:16:48]} {[%emt 00:00:53]} 43. c4 {[%clk 01:04:08]} {[%emt 00:00:55]}
bxc4 {[%clk 00:17:11]} {[%emt 00:00:08]} 44. b5 {[%clk 01:04:32]} {[%emt
00:00:06]} c3 {[%clk 00:17:03]} {[%emt 00:00:37]} 45. b6 {[%clk 01:04:51]}
{[%emt 00:00:10]} Kd6 {[%clk 00:17:18]} {[%emt 00:00:15]} 46. Kxe4 {[%clk
01:04:34]} {[%emt 00:00:48]} c2 {[%clk 00:17:28]} {[%emt 00:00:20]} 47. b7
{[%clk 01:05:02]} {[%emt 00:00:02]} Kc7 {[%clk 00:17:50]} {[%emt 00:00:08]} 48.
Kd3 {[%clk 01:05:20]} {[%emt 00:00:12]} c1=Q {[%clk 00:18:08]} {[%emt
00:00:12]} 49. Kd4 {[%clk 01:05:32]} {[%emt 00:00:18]} Kxb7 {[%clk 00:18:17]}
{[%emt 00:00:21]} 50. Kd5 {[%clk 01:05:52]} {[%emt 00:00:10]} Qf4 {[%clk
00:18:19]} {[%emt 00:00:27]} 51. Ke6 {[%clk 01:06:16]} {[%emt 00:00:06]} Qxg4
{[%clk 00:18:19]} {[%emt 00:00:31]} 52. Kf7 {[%clk 01:06:34]} {[%emt 00:00:12]}
Qxh5 {[%clk 00:18:36]} {[%emt 00:00:13]} 53. Kxg7 {[%clk 01:06:44]} {[%emt
00:00:19]} Qxf5 {[%clk 00:18:47]} {[%emt 00:00:20]} 54. Kxh6 {[%clk 01:07:02]}
{[%emt 00:00:12]} Qg5+ {[%clk 00:19:08]} {[%emt 00:00:09]} 55. Kh7 {[%clk
01:07:13]} {[%emt 00:00:18]} Kc7 {[%clk 00:19:13]} {[%emt 00:00:25]} 56. Kh8
{[%clk 01:07:34]} {[%emt 00:00:10]} Kd7 {[%clk 00:19:37]} {[%emt 00:00:07]} 57.
Kh7 {[%clk 01:07:57]} {[%emt 00:00:07]} Ke7 {[%clk 00:20:00]} {[%emt 00:00:07]}
58. Kh8 {[%clk 01:08:19]} {[%emt 00:00:07]} Kf7 {[%clk 00:20:23]} {[%emt
00:00:07]} 59. Kh7 {[%clk 01:08:41]} {[%emt 00:00:08]} Qg7 {[%clk 00:20:17]}
{[%emt 00:00:05]} 0-1

[Event "DVM U14 2023"]
[Site "Magdeburg GER"]
[Date "2023.12.29"]
[Round "6"]
[White "Wolf, Noah"]
[Black "Marschall, Julian"]
[Result "0-1"]
[Termination "normal"]
[Board "5.4"]
[WhiteElo "1364"]
[BlackElo "1324"]
[WhiteTeam "Vorwärts Orient Mainz"]
[BlackTeam "SC Viernheim 1934"]
[PlyCount "140"]
[WhiteFideId "34616985"]
[BlackFideId "34608001"]
[EventCountry "GER"]
[EventRounds "7"]
[EventType "team-swiss"]
[EventDate "2023.12.26"]

1. e4 e5 2. Nf3 Nc6 3. Bc4 Nf6 4. Nc3 Bc5 5. d3 d6 6. Bg5 h6 7. Bxf6 Qxf6 8.
Nd5 Qd8 9. c3 O-O 10. O-O Bg4 11. a4 a5 12. Ne3 Bh5 13. Nf5 Ne7 14. Ng3 Bg4 15.
h3 Be6 16. Bb3 Ng6 17. Ne2 d5 18. d4 dxe4 19. Nd2 exd4 20. Nxe4 Bxb3 21. Qxb3
Bb6 22. Nxd4 Bxd4 23. cxd4 Qxd4 24. Ng3 b6 25. Rac1 Rac8 26. Rfd1 Qf6 27. Ne4
Qe6 28. Qxe6 fxe6 29. Rc6 Rfe8 30. Rdc1 Rcd8 31. Rxc7 Rd4 32. R1c4 Red8 33. Ng3
Rxc4 34. Rxc4 Rd1+ 35. Kh2 Rd2 36. Rc8+ Kh7 37. Ne4 Rxb2 38. Rc7 Nf4 39. Rc4
Rb4 40. Nd6 Nd3 41. Kg3 Nb2 42. Rc6 Nxa4 43. Nc8 e5 44. Ne7 Nc5 45. Nd5 Rb3+
46. f3 Na4 47. Re6 b5 48. Rxe5 Nb2 49. Nc7 a4 50. Rxb5 Rxb5 51. Nxb5 Nc4 52.
Kh4 Nd6 53. Na3 Kg6 54. g3 Kf5 55. Kh5 g6 56. Kxh6 Nf7+ 57. Kg7 Ne5 58. f4 Nf3
59. Kh6 Nh2 60. Nc2 Nf1 61. h4 Nxg3 62. h5 Nxh5 63. Nd4+ Kf6 64. Kh7 Nxf4 65.
Kh6 a3 66. Kh7 a2 67. Nc6 a1=Q 68. Nd8 Qa7+ 69. Nf7 Qxf7+ 70. Kh8 Qg7# 0-1